Statistics for 2022 NFL Starting Quarterbacks Colleges

Click here to take the quiz!

General Stats

  • This quiz has been taken 637 times
  • The average score is 26 of 32

Answer Stats

HintAnswer% Correct
Patrick MahomesTexas Tech
98%
Mac JonesAlabama
97%
Tua TagovailoaAlabama
97%
Baker MayfieldOklahoma
96%
Jalen HurtsOklahoma
96%
Kyler MurrayOklahoma
96%
Joe BurrowLouisiana State
95%
Tom BradyMichigan
95%
Marcus MariotaOregon
95%
Justin HerbertOregon
95%
Deshaun WatsonClemson
94%
Trevor LawrenceClemson
94%
Justin FieldsOhio State
92%
Matthew StaffordGeorgia
91%
Lamar JacksonLouisville
88%
Russell WilsonWisconsin
88%
Aaron RodgersCalifornia
87%
Jared GoffCalifornia
87%
Josh AllenWyoming
87%
Zach WilsonBrigham Young
85%
Jameis WinstonFlorida State
83%
Trey LanceNorth Dakota State
82%
Daniel JonesDuke
76%
Dak PrescottMississippi State
74%
Mitch TrubiskyNorth Carolina
74%
Derek CarrFresno State
71%
Kirk CousinsMichigan State
70%
Ryan TannehillTexas A&M
67%
Matt RyanBoston College
64%
Davis MillsStanford
51%
Carson WentzNorth Dakota State
44%
Geno SmithVirginia Tech
19%

Score Distribution

Percentile by Number Answered

Percent of People with Each Score

Your Score History

You have not taken this quiz